|
|
|
|
| LEADER |
00000nab a22000007a 4500 |
| 001 |
vtls010672098 |
| 003 |
SK-MaSNL |
| 005 |
20260304184839.0 |
| 008 |
250708s2010 xo |||||||||||||||||slo| |
| 035 |
|
|
|a (urnnbn)urn:nbn:sk:snk:ar-a06a41
|
| 035 |
|
|
|a (uuid)311f6705-4986-4a3c-97e4-5b28a6e4cb45
|
| 035 |
|
|
|a urn:nbn:sk:snk-ab18la
|
| 040 |
|
|
|a SNKBUCL
|b slo
|c SNKBUCL
|e AACR2
|
| 041 |
0 |
|
|a slo
|
| 044 |
|
|
|a xo
|c SK
|
| 100 |
1 |
|
|a Poláková, Katarína,
|d 1951-
|4 aut
|9 217407
|
| 245 |
1 |
0 |
|a Spolupráca gynekológa a dermatológa pri užívaní kombinovanej hormonálnej antikoncepcie s antiandrogénovým účinkom
|c Katarína Poláková
|
| 773 |
0 |
|
|t Dermatológia pre prax
|g Roč. 4, č. 3 (2010), s. 113-115
|
| 850 |
|
|
|a Slovenská národná knižnica
|
| 852 |
|
|
|a Slovenská národná knižnica
|
| 954 |
|
|
|a odborná, vedecká literatúra pôvodná (slovenská)
|2 lita
|
| 958 |
|
|
|a article
|
| 958 |
|
|
|a OND
|
| 958 |
|
|
|a EUIPO
|
| 999 |
|
|
|c 3040116
|d 3042046
|